000
00368nam a2200169Ia 4500
003
0100
008
130307s9999 xx 000 0 und d
040
_c
ARRUPELIB
050
_a
JC251.C31946
100
_a
Cassirer, Ernst
245
4
_a
The Myth of the State
260
_a
NY
260
_b
Doubleday Anchor Books
260
_c
1946
300
_a
382p
942
0
0
_0
7
999
_c
82966
_d
82966